[Event "CZE-chT1W 2425"]
[Site "Czech Republic"]
[Date "2025.04.06"]
[Round "11.3"]
[White "Sykora, Marek"]
[Black "Simek, Petr1"]
[Result "0-1"]
[WhiteElo "2242"]
[BlackElo "2321"]
[PlyCount "50"]
[EventDate "2024.10.20"]
[EventType "team-tourn"]
[EventRounds "11"]
[EventCountry "CZE"]
[SourceTitle "CB16_2025"]
[SourceDate "2025.04.16"]
[SourceVersion "1"]
[SourceVersionDate "2025.04.16"]
[SourceQuality "1"]
[WhiteTeam "Turnov Zikuda II"]
[BlackTeam "Unichess MGMBA"]
[WhiteTeamCountry "CZE"]
[BlackTeamCountry "CZE"]

1. e4 e5 2. Nf3 Nc6 3. Bc4 Nf6 4. Ng5 d5 5. exd5 Na5 6. Bb5+ c6 7. dxc6 bxc6 8. Qf3 Be7 9. Nc3 0-0 10. Ba4 Nd5 11. Nge4 f5 12. Ng3 e4 13. Qd1 Ba6 14. Nxd5 cxd5 15. d3 f4 16. Ne2 f3 17. gxf3 exd3 18. cxd3 Bb4+ 19. Bd2 Qh4 20. f4 Rab8 21. a3 Bc5 22. d4 Nc4 23. Bc3 Nxb2 24. Bxb2 Rxb2 25. Bc2 Re8 0-1

[Event "Pilsen Region-chT 2223"]
[Site "Czech Republic"]
[Date "2023.02.12"]
[Round "8.4"]
[White "Marik, Jiri"]
[Black "Sykora, Marek"]
[Result "1-0"]
[WhiteElo "2008"]
[BlackElo "1922"]
[PlyCount "85"]
[EventDate "2022.10.09"]
[EventType "team-tourn"]
[EventRounds "11"]
[EventCountry "CZE"]
[SourceTitle "EXT 2024"]
[Source "ChessBase"]
[SourceDate "2023.10.10"]
[SourceVersion "1"]
[SourceVersionDate "2023.10.10"]
[SourceQuality "1"]
[WhiteTeam "Loko"]
[BlackTeam "Kozolupy Sakal"]
[WhiteTeamCountry "CZE"]
[BlackTeamCountry "CZE"]

1. e4 c6 2. d4 d5 3. Nd2 dxe4 4. Nxe4 Bf5 5. Ng3 Bg6 6. N1e2 h6 7. Nf4 Bh7 8. Bc4 e6 9. c3 Nd7 10. Qe2 Qe7 11. 0-0 0-0-0 12. Re1 Re8 13. Bd3 g5 14. Nfh5 f5 15. f4 Bg6 16. Nf1 g4 17. Nhg3 Ngf6 18. Nd2 h5 19. Nc4 h4 20. Nf1 Bh5 21. Qf2 g3 22. hxg3 Ng4 23. Qd2 hxg3 24. Nxg3 Qh4 25. Nxh5 Rxh5 26. Kf1 Nh2+ 27. Ke2 Qg4+ 28. Kf2 Be7 29. Re3 Bh4+ 30. Kg1 Qxf4 31. Rh3 Qc7 32. Qf4 e5 33. Qxh2 Reh8 34. Bxf5 Rxf5 35. Rxh4 Rxh4 36. Qxh4 exd4 37. Qxd4 Rf6 38. Bg5 c5 39. Qe3 Rf8 40. Re1 b5 41. Nd2 Rh8 42. Bf4 Qb6 43. Qe6 1-0

[Event "Pilsen Region-chT 2223"]
[Site "Czech Republic"]
[Date "2022.12.11"]
[Round "5.3"]
[White "Jezek, Jan"]
[Black "Sykora, Marek"]
[Result "1-0"]
[WhiteElo "2053"]
[BlackElo "1922"]
[PlyCount "63"]
[EventDate "2022.10.09"]
[EventType "team-tourn"]
[EventRounds "11"]
[EventCountry "CZE"]
[SourceTitle "EXT 2024"]
[Source "ChessBase"]
[SourceDate "2023.10.10"]
[SourceVersion "1"]
[SourceVersionDate "2023.10.10"]
[SourceQuality "1"]
[WhiteTeam "Line IV"]
[BlackTeam "Kozolupy Sakal"]
[WhiteTeamCountry "CZE"]
[BlackTeamCountry "CZE"]

1. e4 c6 2. d3 d5 3. Nd2 e5 4. Ngf3 Bd6 5. g3 f5 6. Bg2 Nf6 7. exd5 cxd5 8. 0-0 0-0 9. c4 e4 10. Ne1 dxc4 11. dxe4 Qc7 12. exf5 Bxf5 13. Nxc4 Bc5 14. Bf4 Bxf2+ 15. Rxf2 Qxc4 16. Bxb7 Nbd7 17. Bxa8 Rxa8 18. Qb3 Qxb3 19. axb3 Ne4 20. Re2 g5 21. Be3 a6 22. Ra5 Rf8 23. Nc2 Bh3 24. Re1 h6 25. b4 Ndf6 26. Re5 Bc8 27. Bc5 Nxc5 28. bxc5 Bd7 29. Rf1 Bb5 30. Rf2 Kg7 31. Nd4 Bd3 32. Ne6+ 1-0

[Event "Pilsen Region-chT 2223"]
[Site "Czech Republic"]
[Date "2022.11.27"]
[Round "4.3"]
[White "Sykora, Marek"]
[Black "Cesal, Jaroslav"]
[Result "0-1"]
[WhiteElo "1922"]
[BlackElo "2087"]
[PlyCount "80"]
[EventDate "2022.10.09"]
[EventType "team-tourn"]
[EventRounds "11"]
[EventCountry "CZE"]
[SourceTitle "EXT 2024"]
[Source "ChessBase"]
[SourceDate "2023.10.10"]
[SourceVersion "1"]
[SourceVersionDate "2023.10.10"]
[SourceQuality "1"]
[WhiteTeam "Kozolupy Sakal"]
[BlackTeam "Dvorec"]
[WhiteTeamCountry "CZE"]
[BlackTeamCountry "CZE"]

1. d4 d5 2. Nf3 Nf6 3. Bg5 e6 4. Nbd2 c5 5. c3 Nc6 6. e3 h6 7. Bh4 Qb6 8. Qb3 c4 9. Qc2 Be7 10. Bxf6 Bxf6 11. e4 Qc7 12. g3 b5 13. Bg2 0-0 14. e5 Be7 15. h4 b4 16. 0-0 Rb8 17. Rfe1 Bd7 18. Nh2 bxc3 19. bxc3 Ba3 20. Rab1 Qa5 21. Rxb8 Rxb8 22. Rb1 Rb5 23. f4 Ne7 24. Nhf1 Nf5 25. h5 Qb6 26. Kh2 Rb2 27. Rxb2 Qxb2 28. Qxb2 Bxb2 29. Nb1 Ba4 30. g4 Nxd4 31. cxd4 c3 32. Ne3 c2 33. Nxc2 Bxc2 34. Nd2 Bxd4 35. Nf3 Be3 36. Kg3 d4 37. Ne1 d3 38. Bf3 Bb1 39. Bd1 Bd2 40. Nf3 Bb4 0-1

[Event "Pilsen Region-chT 2223"]
[Site "Czech Republic"]
[Date "2022.10.09"]
[Round "1.3"]
[White "Vasicek, Tomas"]
[Black "Sykora, Marek"]
[Result "1/2-1/2"]
[WhiteElo "2046"]
[BlackElo "1922"]
[PlyCount "106"]
[EventDate "2022.10.09"]
[EventType "team-tourn"]
[EventRounds "11"]
[EventCountry "CZE"]
[SourceTitle "EXT 2024"]
[Source "ChessBase"]
[SourceDate "2023.10.10"]
[SourceVersion "1"]
[SourceVersionDate "2023.10.10"]
[SourceQuality "1"]
[WhiteTeam "Domazlice"]
[BlackTeam "Kozolupy Sakal"]
[WhiteTeamCountry "CZE"]
[BlackTeamCountry "CZE"]

1. d4 Nf6 2. Bf4 c5 3. e3 cxd4 4. exd4 Qb6 5. b3 Nc6 6. Nf3 d5 7. Be2 Bf5 8. c3 e6 9. 0-0 Be7 10. c4 dxc4 11. bxc4 Qb2 12. Qb3 Qxb3 13. axb3 Ne4 14. d5 Nb4 15. Nd4 Bf6 16. Ra4 Bxd4 17. Rxb4 Nxf2 18. Rxb7 Bxb1 19. dxe6 fxe6 20. Rxf2 Be4 21. Rb5 0-0 22. Bg3 Rf7 23. Bg4 Rf6 24. Bf3 Bxf3 25. gxf3 a6 26. Rb7 Bxf2+ 27. Kxf2 Raf8 28. Ke3 Rxf3+ 29. Ke4 h5 30. Ke5 Re3+ 31. Kd4 Re2 32. Kd3 Ra2 33. c5 Rd8+ 34. Bd6 g5 35. Ke4 Re2+ 36. Kf3 Rc2 37. Rb6 a5 38. Rb7 Rc8 39. Rb5 Kf7 40. Ke4 Re2+ 41. Kd3 Ra2 42. Rb6 Ra1 43. Ra6 Rb1 44. Kc2 Ra1 45. Kb2 Rd1 46. Rxa5 Rd5 47. b4 e5 48. b5 Rcxc5 49. Bxc5 Rxc5 50. Kb3 e4 51. Kb4 Rc1 52. b6 Rb1+ 53. Kc3 Kf6 1/2-1/2

[Event "Pardubice Czech op-E 33rd"]
[Site "Pardubice"]
[Date "2022.07.17"]
[Round "6.4"]
[White "Dolensky, Milan"]
[Black "Sykora, Marek"]
[Result "1-0"]
[WhiteElo "2073"]
[BlackElo "2240"]
[PlyCount "117"]
[EventDate "2022.07.14"]
[EventType "team-swiss"]
[EventRounds "7"]
[EventCountry "CZE"]
[SourceTitle "CBM 209 Extra"]
[Source "ChessBase"]
[SourceDate "2022.09.30"]
[SourceVersion "1"]
[SourceVersionDate "2022.09.30"]
[SourceQuality "1"]
[WhiteTeam "Libstat"]
[BlackTeam "Turnov Zikuda II"]
[WhiteTeamCountry "CZE"]
[BlackTeamCountry "CZE"]

1. e4 e5 2. Nf3 Nc6 3. Bc4 Bc5 4. d3 d6 5. c3 Nf6 6. Nbd2 0-0 7. a4 a6 8. Bb3 Be6 9. Bc2 d5 10. Qe2 dxe4 11. dxe4 Nd7 12. 0-0 f6 13. Nc4 b5 14. Ne3 b4 15. Nd5 bxc3 16. bxc3 Na5 17. Rd1 c6 18. Ne3 Nb3 19. Rb1 Nxc1 20. Rbxc1 Qe8 21. Rb1 a5 22. Bb3 Nb6 23. Qa2 Bxb3 24. Rxb3 Qf7 25. Nf5 Rfd8 26. Rdb1 Kf8 27. Qc2 Rab8 28. g3 Qc4 29. Kg2 g6 30. Ne3 Qa6 31. Ng4 Ke7 32. Qc1 Nd7 33. Rxb8 Rxb8 34. Rxb8 Nxb8 35. Qh6 Qc4 36. Nxf6 Kxf6 37. Qg5+ Kg7 38. Qxe5+ Kh6 39. Qxb8 Qxe4 40. Qe5 Qd5 41. h4 Bd6 42. Qxd5 cxd5 43. Nd4 Kg7 44. f4 Kf6 45. Kf3 h5 46. Nb3 Bc7 47. Nd4 Bb6 48. Nc2 Ke6 49. g4 Bd8 50. Nd4+ Kd6 51. g5 Bb6 52. f5 gxf5 53. Kf4 Ke7 54. Kxf5 Kf7 55. g6+ Kg7 56. Kg5 Bd8+ 57. Kxh5 Bf6 58. Nf5+ Kf8 59. Ne3 1-0

[Event "CZE-chT2B 1718"]
[Site "Czech Republic"]
[Date "2018.03.18"]
[Round "10.5"]
[White "Kupsovsky, Vaclav"]
[Black "Sykora, Marek"]
[Result "0-1"]
[WhiteElo "1987"]
[BlackElo "2041"]
[PlyCount "100"]
[EventDate "2017.10.15"]
[EventType "team-tourn"]
[EventRounds "11"]
[EventCountry "CZE"]
[SourceTitle "EXT 2022"]
[Source "ChessBase"]
[SourceDate "2021.10.06"]
[SourceVersion "1"]
[SourceVersionDate "2021.10.06"]
[SourceQuality "1"]
[WhiteTeam "Usti nad Labem"]
[BlackTeam "Jicin"]
[WhiteTeamCountry "CZE"]
[BlackTeamCountry "CZE"]

1. e4 e5 2. Nf3 Nc6 3. Bb5 a6 4. Ba4 Nf6 5. d3 d6 6. c3 Bg4 7. Nbd2 Be7 8. 0-0 0-0 9. Re1 b5 10. Bb3 Na5 11. Bc2 c5 12. Nf1 Qc7 13. Ne3 Bc8 14. Qe2 Re8 15. h3 Bb7 16. Nh2 d5 17. Nf5 Bf8 18. Bg5 Nd7 19. Qg4 f6 20. Bh6 g6 21. Bxf8 Nxf8 22. Ne3 d4 23. cxd4 cxd4 24. Rac1 Qg7 25. Nef1 Bc8 26. Qe2 Be6 27. Qd2 Nc6 28. Bd1 Rec8 29. Bg4 Qe7 30. a3 b4 31. a4 Na5 32. Bxe6+ Nxe6 33. Rxc8+ Rxc8 34. Rc1 Rxc1 35. Qxc1 Qc5 36. Qd1 b3 37. Nf3 Qc2 38. Qd2 Nc6 39. Ne1 Qc5 40. Qd1 Qb4 41. Nd2 Nc5 42. Kf1 Qxa4 43. Qc1 Qb4 44. Qc4+ Qxc4 45. dxc4 a5 46. Ke2 Nb4 47. f4 a4 48. fxe5 fxe5 49. Ndf3 Nxe4 50. Nd3 Ng3+ 0-1

[Event "CZE-ch U14"]
[Site "Kouty nad Desnou"]
[Date "2015.03.07"]
[Round "1"]
[White "Sykora, Marek"]
[Black "Jurasek, Vojtech"]
[Result "1-0"]
[WhiteElo "1797"]
[BlackElo "1615"]
[PlyCount "122"]
[EventDate "2015.03.07"]
[EventType "swiss"]
[EventRounds "9"]
[EventCountry "CZE"]
[SourceTitle "EXT 2017"]
[Source "ChessBase"]
[SourceDate "2016.10.25"]
[SourceVersion "1"]
[SourceVersionDate "2016.10.25"]
[SourceQuality "1"]

1. e4 c5 2. Nc3 e6 3. g3 a6 4. Bg2 Qc7 5. d3 b5 6. Nh3 Bb7 7. 0-0 d6 8. f4 Nd7 9. Be3 Ne7 10. Qd2 g6 11. Ne2 Bg7 12. c3 d5 13. e5 h5 14. Ng5 Nf5 15. Rac1 Nb6 16. b4 c4 17. Nd4 Nxd4 18. Bxd4 cxd3 19. Qxd3 Nc4 20. Bh3 Bc8 21. Rf2 a5 22. Bc5 axb4 23. cxb4 Ra3 24. Rc3 Rxc3 25. Qxc3 Bf8 26. Bxf8 Rxf8 27. Nh7 Rh8 28. Nf6+ Ke7 29. Bg2 Rd8 30. Qd3 Qa7 31. g4 hxg4 32. Nxg4 Qa4 33. Qb3 Qa7 34. Qh3 Kd7 35. Nf6+ Kc7 36. Qc3 Bb7 37. Bf1 d4 38. Qc2 Qa6 39. Ne4 Bxe4 40. Qxe4 Qa3 41. Bg2 Qc1+ 42. Rf1 Qe3+ 43. Qxe3 dxe3 44. Rc1 Rd4 45. Bf1 Rxf4 46. Be2 Kb6 47. Rc3 Re4 48. a4 Nxe5 49. axb5 f5 50. Ra3 f4 51. Ra6+ Kb7 52. Rxe6 f3 53. Rxe5 Rxe5 54. Bxf3+ Kb6 55. Be2 Rf5 56. Bd3 Rf4 57. Kg2 g5 58. h3 Rxb4 59. Kf3 Rh4 60. Kxe3 Rxh3+ 61. Ke2 Rg3 1-0

[Event "CZE-ch U12"]
[Site "Kouty nad Desnou"]
[Date "2014.03.12"]
[Round "6"]
[White "Sykora, Marek"]
[Black "Skalsky, Alexandr"]
[Result "1-0"]
[WhiteElo "1674"]
[BlackElo "1746"]
[PlyCount "107"]
[EventDate "2014.03.08"]
[EventType "swiss"]
[EventRounds "9"]
[EventCountry "CZE"]
[SourceTitle "EXT 2015"]
[Source "ChessBase"]
[SourceDate "2014.11.20"]
[SourceVersion "1"]
[SourceVersionDate "2014.11.20"]
[SourceQuality "1"]

1. e4 c5 2. c3 d6 3. d4 Nf6 4. Bd3 g6 5. Nf3 Bg7 6. 0-0 0-0 7. h3 Qc7 8. Be3 c4 9. Bc2 a6 10. Nbd2 b5 11. a4 Bd7 12. Qe2 e6 13. Rfd1 d5 14. e5 Ne8 15. Ng5 bxa4 16. Qg4 f5 17. Qh4 h6 18. Ngf3 Kf7 19. g4 Rh8 20. gxf5 exf5 21. Re1 Be6 22. Qg3 Rg8 23. h4 Bf8 24. Kf1 Ke7 25. Bxa4 Nc6 26. b3 Na5 27. b4 Nb7 28. Reb1 Bd7 29. Bxd7 Qxd7 30. Re1 Qe6 31. b5 Nc7 32. bxa6 Rxa6 33. Rxa6 Nxa6 34. Rb1 Nd8 35. Ke2 Ke8 36. Qg1 Qc6 37. Qd1 Ne6 38. Nf1 g5 39. hxg5 hxg5 40. Qc2 g4 41. Ne1 Ng7 42. Ng3 Qd7 43. Ng2 Nc7 44. Rb8+ Kf7 45. Rb7 Qc8 46. Qb1 Be7 47. Qb6 Nce6 48. Qa7 Qe8 49. Bc1 Kg6 50. Rxe7 Qb5 51. Nh4+ Kh7 52. Rb7 Qe8 53. Nhxf5 Qg6 54. Rf7 1-0

[Event "CZE-ch U12"]
[Site "Kouty nad Desnou"]
[Date "2014.03.09"]
[Round "2"]
[White "Ludvik, Tomas"]
[Black "Sykora, Marek"]
[Result "0-1"]
[WhiteElo "1548"]
[BlackElo "1674"]
[PlyCount "86"]
[EventDate "2014.03.08"]
[EventType "swiss"]
[EventRounds "9"]
[EventCountry "CZE"]
[SourceTitle "EXT 2015"]
[Source "ChessBase"]
[SourceDate "2014.11.20"]
[SourceVersion "1"]
[SourceVersionDate "2014.11.20"]
[SourceQuality "1"]

1. d4 Nf6 2. c4 e6 3. Nc3 d5 4. Bg5 c6 5. e3 Nbd7 6. Nf3 Be7 7. Rc1 0-0 8. Bd3 dxc4 9. Bxc4 Nd5 10. Bxe7 Qxe7 11. 0-0 N7f6 12. Re1 Rd8 13. e4 Nxc3 14. bxc3 b5 15. Bd3 Bb7 16. Qe2 Nd7 17. e5 Nf8 18. h3 a6 19. Qe3 Rac8 20. Ng5 c5 21. Ne4 cxd4 22. cxd4 Bxe4 23. Bxe4 Qa7 24. Rxc8 Rxc8 25. Qd3 Rd8 26. d5 exd5 27. Bxd5 Qe7 28. Qb3 Ne6 29. Rd1 Kf8 30. Qf3 Nc7 31. Bb7 Rxd1+ 32. Qxd1 Qxe5 33. Qd8+ Ne8 34. Bxa6 Qe1+ 35. Kh2 Qxf2 36. Bxb5 Qf4+ 37. Kh1 Qc1+ 38. Kh2 Qf4+ 39. Kg1 Qe3+ 40. Kh1 Qe1+ 41. Kh2 Qe5+ 42. Kh1 Qxb5 43. Kh2 Qe5+ 0-1

[Event "CZE-ch U12"]
[Site "Kouty nad Desnou"]
[Date "2013.03.12"]
[Round "5"]
[White "Haase, Pavel"]
[Black "Sykora, Marek"]
[Result "1-0"]
[WhiteElo "1661"]
[BlackElo "1681"]
[PlyCount "75"]
[EventDate "2013.03.09"]
[EventType "swiss"]
[EventRounds "9"]
[EventCountry "CZE"]
[SourceTitle "EXT 2015"]
[Source "ChessBase"]
[SourceDate "2014.11.20"]
[SourceVersion "1"]
[SourceVersionDate "2014.11.20"]
[SourceQuality "1"]

1. e4 e5 2. Nf3 d6 3. d4 Nd7 4. Nc3 Be7 5. Bc4 Ngf6 6. 0-0 0-0 7. h3 c6 8. Be3 Qc7 9. Qe2 b5 10. Bd3 Bb7 11. Rfd1 Rac8 12. Nh4 b4 13. Nf5 Rfe8 14. Na4 Bf8 15. dxe5 dxe5 16. Bc4 c5 17. f3 Bc6 18. b3 Bxa4 19. bxa4 Nb6 20. Bb5 Re6 21. a5 Nbd7 22. Rd2 Rd8 23. Rad1 a6 24. Bc4 Ree8 25. Nd6 Bxd6 26. Rxd6 Nb8 27. Rxd8 Rxd8 28. Rxd8+ Qxd8 29. Bxc5 Qxa5 30. Bd6 Nc6 31. Bxf7+ Kxf7 32. Qc4+ Kg6 33. Qxc6 Qxa2 34. Bxe5 Qb1+ 35. Kh2 Qc1 36. Qc4 a5 37. Bc7 Qa3 38. e5 1-0

[Event "CZE-ch U12"]
[Site "Kouty nad Desnou"]
[Date "2013.03.11"]
[Round "3"]
[White "Vitak, Jiri"]
[Black "Sykora, Marek"]
[Result "1/2-1/2"]
[WhiteElo "1519"]
[BlackElo "1681"]
[PlyCount "69"]
[EventDate "2013.03.09"]
[EventType "swiss"]
[EventRounds "9"]
[EventCountry "CZE"]
[SourceTitle "EXT 2015"]
[Source "ChessBase"]
[SourceDate "2014.11.20"]
[SourceVersion "1"]
[SourceVersionDate "2014.11.20"]
[SourceQuality "1"]

1. d4 Nf6 2. c4 e6 3. Nc3 b6 4. e3 Bb7 5. Nf3 Be7 6. Be2 0-0 7. 0-0 d5 8. b3 Nbd7 9. Bb2 Rc8 10. Rc1 c5 11. cxd5 Nxd5 12. Nxd5 Bxd5 13. Bc4 Bxc4 14. Rxc4 b5 15. Rc2 c4 16. bxc4 bxc4 17. Qe2 Nb6 18. Rfc1 Qd5 19. Ne5 Rc7 20. Nxc4 Nxc4 21. Rxc4 Rxc4 22. Qxc4 Qxc4 23. Rxc4 Rb8 24. Bc1 Bd6 25. g3 Kf8 26. Kg2 Ke7 27. Kf3 Rb5 28. e4 f6 29. a4 Rb3+ 30. Be3 Kd7 31. Ke2 a5 32. Kd1 Ra3 33. Kc2 Bb4 34. Kb2 Rxa4 35. Kb3 1/2-1/2

[Event "CZE-ch U12"]
[Site "Kouty nad Desnou"]
[Date "2013.03.09"]
[Round "1"]
[White "Jurasek, Vojtech"]
[Black "Sykora, Marek"]
[Result "1/2-1/2"]
[WhiteElo "1414"]
[BlackElo "1681"]
[PlyCount "70"]
[EventDate "2013.03.09"]
[EventType "swiss"]
[EventRounds "9"]
[EventCountry "CZE"]
[SourceTitle "EXT 2015"]
[Source "ChessBase"]
[SourceDate "2014.11.20"]
[SourceVersion "1"]
[SourceVersionDate "2014.11.20"]
[SourceQuality "1"]

1. e4 e5 2. f4 exf4 3. Nf3 h6 4. d4 g5 5. Nc3 Bg7 6. g3 g4 7. Ne5 Bxe5 8. dxe5 f3 9. h3 d6 10. exd6 Qxd6 11. Qxd6 cxd6 12. Nb5 Kd7 13. Bf4 Nf6 14. Nxd6 Ke7 15. Bd3 Nc6 16. Nxc8+ Raxc8 17. c3 h5 18. Kf2 Nd7 19. Rad1 Nde5 20. Bb5 f6 21. Rd5 Rhd8 22. Bxc6 bxc6 23. Rxd8 Rxd8 24. Bxe5 fxe5 25. Ke3 Rf8 26. Kf2 Rb8 27. b3 Rd8 28. Ke3 Kf6 29. h4 Ke6 30. Rf1 c5 31. c4 Kd6 32. Rd1+ Kc7 33. Rd5 Rxd5 34. cxd5 a5 35. a4 Kb6 1/2-1/2

[Event "Wch U10"]
[Site "Maribor"]
[Date "2012.11.15"]
[Round "8.43"]
[White "Sykora, Marek"]
[Black "Mnatsakanian, Arsen"]
[Result "1/2-1/2"]
[WhiteElo "1550"]
[BlackElo "1769"]
[PlyCount "103"]
[EventDate "2012.11.08"]
[EventType "swiss"]
[EventRounds "11"]
[EventCountry "SLO"]
[SourceTitle "EXT 2013"]
[Source "ChessBase"]
[SourceDate "2012.11.22"]
[SourceVersion "1"]
[SourceVersionDate "2012.11.22"]
[SourceQuality "1"]

1. e4 c5 2. c3 Nf6 3. e5 Nd5 4. d4 cxd4 5. cxd4 b6 6. Nf3 Bb7 7. Be2 e6 8. 0-0 Na6 9. Nc3 Nac7 10. Be3 Be7 11. Rc1 0-0 12. Qb3 f5 13. exf6 Bxf6 14. Rfd1 Be7 15. Qc2 Rc8 16. Qb1 Nf4 17. Bxf4 Rxf4 18. Ne5 d6 19. Nf3 Nd5 20. Nxd5 Bxd5 21. b3 Bf6 22. Rxc8 Qxc8 23. Qc1 Qxc1 24. Rxc1 Bxf3 25. Bxf3 Bxd4 26. Rc8+ Rf8 27. Rc7 b5 28. Re7 e5 29. Kf1 Bc5 30. Ke2 Kh8 31. Re6 g6 32. Re7 Rf5 33. b4 Bxb4 34. Rxa7 Bc5 35. Ra8+ Kg7 36. Rb8 b4 37. Rb7+ Rf7 38. Rxf7+ Kxf7 39. Bd5+ Kf6 40. f3 Bg1 41. h3 Kf5 42. g3 h6 43. Be4+ Kf6 44. Kf1 Bc5 45. Ke2 g5 46. g4 Ke6 47. Bf5+ Kd5 48. Kd3 Kc6 49. Ke4 Bd4 50. Be6 Bf2 51. Bf7 Bd4 52. Be6 1/2-1/2

[Event "Liberec op 13th"]
[Site "Liberec"]
[Date "2012.10.21"]
[Round "2"]
[White "Jina, Lubos"]
[Black "Sykora, Marek"]
[Result "0-1"]
[WhiteElo "1806"]
[BlackElo "1550"]
[PlyCount "134"]
[EventDate "2012.10.20"]
[EventType "swiss"]
[EventRounds "9"]
[EventCountry "CZE"]
[SourceTitle "EXT 2013"]
[Source "ChessBase"]
[SourceDate "2012.11.22"]
[SourceVersion "1"]
[SourceVersionDate "2012.11.22"]
[SourceQuality "1"]

1. d4 Nf6 2. Nf3 e6 3. a3 b6 4. e3 Bb7 5. Be2 Be7 6. 0-0 0-0 7. c4 d5 8. Nc3 Nbd7 9. b4 Rc8 10. cxd5 Nxd5 11. Nxd5 Bxd5 12. Bb2 c5 13. dxc5 bxc5 14. b5 Qb6 15. Bc3 Bf6 16. Bxf6 Nxf6 17. a4 Rfd8 18. Qc2 c4 19. Nd4 Be4 20. Qa2 e5 21. Nf3 Bxf3 22. Bxf3 e4 23. Be2 c3 24. Rac1 Nd5 25. Bc4 Qc5 26. Bxd5 Rxd5 27. g3 Rd2 28. Qb3 Rb2 29. Qd1 c2 30. Qd7 Ra2 31. Rfe1 h6 32. Re2 Qc4 33. Rd2 Rb2 34. Kg2 Rc7 35. Qd8+ Kh7 36. Qd6 Qc5 37. Qxc5 Rxc5 38. f4 Ra2 39. Kf2 Rxa4 40. Rcxc2 Rxb5 41. Rd4 Rxd4 42. exd4 a5 43. g4 Rb3 44. Ra2 Rf3+ 45. Ke2 Rxf4 46. Rxa5 Rxg4 47. Ke3 Kg6 48. Ra6+ Kf5 49. Ra5+ Ke6 50. Ra6+ Kd5 51. Ra5+ Kc6 52. Rc5+ Kb6 53. Rf5 f6 54. Rh5 Kc6 55. Ra5 Kb6 56. Rh5 Rg5 57. Rxg5 hxg5 58. Kxe4 Kc6 59. Kf5 Kd5 60. Kg6 Kxd4 61. Kxg7 f5 62. Kf6 f4 63. Kxg5 f3 64. h4 f2 65. h5 f1Q 66. Kg6 Ke5 67. h6 Qf6+ 0-1

[Event "CZE-ch U10"]
[Site "Kouty nad Desnou"]
[Date "2012.03.17"]
[Round "9"]
[White "Sykora, Marek"]
[Black "Dolansky, Lukas"]
[Result "1-0"]
[WhiteElo "1454"]
[BlackElo "1469"]
[PlyCount "53"]
[EventDate "2012.03.10"]
[EventType "swiss"]
[EventRounds "9"]
[EventCountry "CZE"]
[SourceTitle "EXT 2013"]
[Source "ChessBase"]
[SourceDate "2012.11.22"]
[SourceVersion "1"]
[SourceVersionDate "2012.11.22"]
[SourceQuality "1"]

1. e4 e5 2. Nf3 Nc6 3. Bc4 Bc5 4. c3 Nf6 5. d3 a6 6. Bb3 Ba7 7. 0-0 d6 8. Re1 0-0 9. Nbd2 Ng4 10. Re2 Kh8 11. h3 Nh6 12. Nf1 f5 13. exf5 Bxf5 14. Ng3 Bxh3 15. Re4 Bd7 16. Bg5 Qe8 17. Rh4 Ng4 18. d4 e4 19. Qc2 Nf6 20. Bxf6 Rxf6 21. Nxe4 Rg6 22. Neg5 h6 23. Nf7+ Kh7 24. N3g5+ Kg8 25. Qxg6 Qe2 26. Nxh6+ Kf8 27. Qf7# 1-0

[Event "CZE-ch U10"]
[Site "Kouty nad Desnou"]
[Date "2012.03.14"]
[Round "6"]
[White "Sykora, Marek"]
[Black "Demko, Robert"]
[Result "1-0"]
[WhiteElo "1454"]
[BlackElo "1250"]
[PlyCount "79"]
[EventDate "2012.03.10"]
[EventType "swiss"]
[EventRounds "9"]
[EventCountry "CZE"]
[SourceTitle "EXT 2013"]
[Source "ChessBase"]
[SourceDate "2012.11.22"]
[SourceVersion "1"]
[SourceVersionDate "2012.11.22"]
[SourceQuality "1"]

1. e4 e5 2. Nf3 Nc6 3. Bc4 Nf6 4. Ng5 d5 5. exd5 Na5 6. Bb5+ Bd7 7. Bxd7+ Qxd7 8. 0-0 h6 9. Nf3 Qxd5 10. Nc3 Qd6 11. Nxe5 Nc6 12. Nxc6 Qxc6 13. Re1+ Be7 14. Qe2 Qd7 15. b3 Kd8 16. Bb2 Re8 17. Qf3 c6 18. Rad1 Qg4 19. Qxg4 Nxg4 20. Ne4 Nf6 21. Nxf6 Bxf6 22. Rxe8+ Kxe8 23. Bxf6 gxf6 24. d4 Rd8 25. f3 Ke7 26. Kf2 Ke6 27. c4 Kd6 28. Re1 b5 29. c5+ Kd7 30. Re4 Re8 31. Ke3 Re6 32. Kf4 a5 33. a3 h5 34. Kf5 Ke7 35. h4 a4 36. bxa4 bxa4 37. Rxe6+ fxe6+ 38. Kg6 e5 39. dxe5 fxe5 40. Kf5 1-0

[Event "EU Union-ch U10 9th"]
[Site "Mureck"]
[Date "2011.08.05"]
[Round "3"]
[White "Sykora, Marek"]
[Black "Represa Perez, Mireya"]
[Result "1/2-1/2"]
[WhiteElo "1976"]
[BlackElo "1410"]
[PlyCount "95"]
[EventDate "2011.08.03"]
[EventType "swiss"]
[EventRounds "9"]
[EventCountry "AUT"]
[SourceTitle "CBM 144 Extra"]
[Source "ChessBase"]
[SourceDate "2011.10.28"]
[SourceVersion "1"]
[SourceVersionDate "2011.10.28"]
[SourceQuality "1"]

1. e4 c5 2. c3 d5 3. exd5 Qxd5 4. d4 Nf6 5. Nf3 Bg4 6. Be2 e6 7. Be3 cxd4 8. cxd4 Nc6 9. Nc3 Qd6 10. 0-0 Be7 11. Qb3 Qd7 12. h3 Bh5 13. Rfd1 0-0 14. Rac1 Rfd8 15. a3 Rac8 16. Qa2 h6 17. Rd2 Bf8 18. Rcd1 Ne7 19. Ne5 Qd6 20. Bxh5 Nxh5 21. Nd3 Nf6 22. Bf4 Qb6 23. Ne5 Ned5 24. Nxd5 Nxd5 25. Bg3 Nf6 26. Rd3 Rd5 27. Nf3 Rcd8 28. b4 Be7 29. Qb2 Ne4 30. Bf4 f5 31. Be5 Bf6 32. Ne1 Qb5 33. Qb3 a5 34. Bxf6 a4 35. Qb2 Nxf6 36. f3 Nd7 37. Nc2 Nb6 38. Ne3 R5d7 39. Qc3 Nd5 40. Qc5 Qc6 41. Nc4 Nf4 42. R3d2 Nd5 43. Qxc6 bxc6 44. Ne5 Rd6 45. Nc4 R6d7 46. Ne5 Rc7 47. Rc1 Rd6 48. Nc4 1/2-1/2

[Event "CZE-ch U10"]
[Site "Kouty nad Desnou"]
[Date "2011.03.16"]
[Round "6"]
[White "Nguyen, Thai Dai Van"]
[Black "Sykora, Marek"]
[Result "1-0"]
[WhiteElo "1753"]
[BlackElo "1470"]
[PlyCount "61"]
[EventDate "2011.03.12"]
[EventType "swiss"]
[EventRounds "9"]
[EventCountry "CZE"]
[SourceTitle "EXT 2014"]
[Source "ChessBase"]
[SourceDate "2013.11.20"]
[SourceVersion "1"]
[SourceVersionDate "2013.11.20"]
[SourceQuality "1"]

1. Nf3 Nc6 2. d4 d5 3. c4 Bg4 4. e3 e6 5. Nc3 Nf6 6. Be2 Bd6 7. cxd5 exd5 8. h3 Bh5 9. Qb3 Rb8 10. Bd2 Bg6 11. Nh4 Be4 12. Nxe4 Nxe4 13. Nf3 Nxd2 14. Nxd2 Ne7 15. 0-0 0-0 16. Bf3 c6 17. Rac1 Re8 18. Qc3 Bc7 19. Be2 Qd6 20. Nf3 Ng6 21. Rfd1 Nh4 22. b4 Rbc8 23. Qc5 Nxf3+ 24. Bxf3 Qh2+ 25. Kf1 f5 26. Ke2 Bb6 27. Qc2 Qd6 28. Qxf5 Qxb4 29. Bxd5+ Kh8 30. Be4 Rc7 31. Qxh7# 1-0